| 000 | 02138nas a2200277Ia 4500 | ||
|---|---|---|---|
| 001 | R053-S7940 | ||
| 003 | IT-CnALBA | ||
| 008 | 170116c99999999xx |||||||||||| ||und|| | ||
| 040 |
_aIT-CnALBA _cIT-CnALBA |
||
| 041 | _aITALIANO | ||
| 100 | _aVOLPINI VALERIO | ||
| 210 | _aJESUS | ||
| 222 | _aJESUS | ||
| 245 | 0 | _aJESUS. CULTURA E ATTUALITÀ CRISTIANA. NOVEMBRE 1993. CHIARA E AMOR PASSIONALE PER CRISTO. PIANTICELLA DI FRANCESCO. | |
| 250 | _a1a ed. | ||
| 260 |
_aCINISELLO BALSAMO (MI) _bPERIODICI SAN PAOLO ED. _c1993 [1° Ed.:1993 - Ed.Ling.Originale: 1993] |
||
| 300 | _a148 p. | ||
| 310 | _aMENSILE | ||
| 362 | _aFascicolo: 11 / Anno: 15 (1993) | ||
| 500 | _aVITA DI SANTA CHIARA. VITA REGOLA SCRITTI. CLARISSE OGGI. CHIARA DONNA DI ASSISI IN LIBERTÀ. LO SPIRITO DI CHIARA. IL FASCINO DELLA SUA RADICALITA'. UN ANNO PER CHIARA. CHIARA DONNA NUOVA, FABBRETTI N. PER PENITENZA UNA ONCIA DI PANE. DI FRONTE AI SARACENI. GLI ULTIMI CONSIGLI PRATICI. PANEGIRICO DI UNA SANTA. ABBADESSA. I SEGNI DELLA CONSACRAZIONE. TEMTI E LUOGHI DI CHIARA E FRANCESCO. FRATERNITÀ E SORORITA'. CHIARA E LE CLARISSE NEL MONDO. S. DAMIANO. LA CLAUSURA. CORTONA ASSISI MILANO CAMPOSAMPIERO ALGHERO GRATE SOLO APPARENTI. VICOFORTE. MONASTERI IN ITALIA. CASE GENERALIZIE. MOVIMENTO RELIGIOSE FRANCESCANE. | ||
| 501 | _aSocietà San Paolo EM - Piazza San Paolo, 14 - 12051 ALBA (CN) (non commercial uses only) ® Copyright 2017 | ||
| 520 | _aVITA DI SANTA CHIARA. VITA REGOLA SCRITTI. CLARISSE OGGI. CHIARA DONNA DI ASSISI IN LIBERTÀ. LO SPIRITO DI CHIARA. IL FASCINO DELLA SUA RADICALITA'. UN ANNO PER CHIARA. CHIARA DONNA NUOVA, FABBRETTI N. PER PENITENZA UNA ONCIA DI PANE. DI FRONTE AI SARACENI. GLI ULTIMI CONSIGLI PRATICI. PANEGIRICO DI UNA SANTA. ABBADESSA. I SEGNI DELLA CONSACRAZIONE. TEMTI E LUOGHI DI CHIARA E FRANCESCO. FRATERNITÀ E SORORITA'. CHIARA E LE CLARISSE NEL MONDO. S. DAMIANO. LA CLAUSURA. CORTONA ASSISI MILANO CAMPOSAMPIERO ALGHERO GRATE SOLO APPARENTI. VICOFORTE. MONASTERI IN ITALIA. CASE GENERALIZIE. MOVIMENTO RELIGIOSE FRANCESCANE. | ||
| 650 | _aSCIENZE UMANE E RELIGIOSE | ||
| 942 | _cCR | ||
| 957 | _71 | ||
| 999 |
_a77499 _bNO _g1 _c335485 _d335485 |
||